000 01776nam0a2200361 4500
001 RU\NLR\bibl\729558
005 201310260619
010 _a5-7107-8419-2
_930000
021 _aRU
_b2004-55734
_92744
035 _a(NLR Aleph) 000719534
035 _aRSL-KNO-002475176
090 _a694200
_c694200
100 _a20040913d2004 u y0rusy50 ca
101 0 _arus
102 _aRU
105 _aa |||||||||
106 _ar
200 1 _aРусский язык
_eУчеб. для 2 кл. четырехлет. нач. шк.
_fТ. Г. Рамзаева
205 _a5-е изд., стер.
210 _aМ.
_cДрофа
_d2004
_gТвер. полигр. комб. дет. лит.
215 _a205, [1] с.
_cцв. ил.
_d22
606 0 _aРусский язык
_jУчебники для начальной школы
_91533567
_3RU\NLR\auth\66969347
610 0 _aФилологические науки. Художественная литература -- Языкознание -- Индоевропейские языки -- Славянские языки -- Восточнославянские языки -- Русский язык -- Преподавание и методика изучения языка -- Учебники и учебные пособия общего характера -- Учебные пособия для начальной школы
686 _aШ141.2-921
_2rubbk
686 _aШ141.12-922.1[2]
700 1 _4070
_7ca
_8rus
_aРамзаева
_bТ. Г.
_f1928-2014
_gТамара Григорьевна
_9112523
_3RU\NLR\AUTH\772513
801 0 _aRU
_bRuMoRKP
_c20040913
_grcr
801 1 _aRU
_bRuMoRGB
_c20040913
801 2 _aRU
_bNLR
_c20050226
_gPSBO
830 _aавт. по кн.
942 _cBOOK
980 _aNB